000
00272 a2200109 4500
999
_c
13252
_d
13252
008
250417b ||||| |||| 00| 0 eng d
020
_a
9781780673448
100
_a
Chris Lefteri
245
_a
Materials for Design
260
_b
Laurence King Publishing
_c
2014
942
_2
ddc